History Quiz

Random History or Letter Quiz

That's What 'M' Said Quiz Stats

 Plays Quiz Updated Jul 19, 2017

Score 0/15 Timer 08:00
5 Plays Today
% Correct
The ocean does not become dirty.
95.6%
They haven't exactly been non-aggressive - including me.
93.9%
And carved until I set him free.
93.6%
Is the most terrible poverty.
91.9%
Is as wrong as when whites make blanket indictments against blacks.
91.7%
Less stable and more dangerous for all of us.
91.7%
While daughters are hidden away behind a curtain.
90.6%
With means and methods which were applied or seemed to work in the past.
89.7%
% Correct
And a new generation grows up that is familiar with it.
89.3%
Is merely fluid prejudice.
88.8%
A club for the cult of ethics.
88%
Is the happiness of the child.
87.5%
Because he has gone from knowing nothing to believing nothing.
87.2%
From the point of view of the direct usefulness of it.
78.4%
The language of the unheard.
72.6%

You're not logged in!

Compare scores with friends on all Sporcle quizzes.
OR
Log In

Sporcle TV

Today on Sporcle TV


Watch our educational content, quiz creation guides, and fun videos on Sporcle TV.

Show Comments

Extras

Top Quizzes Today


Score Distribution

Your Account Isn't Verified!

In order to create a playlist on Sporcle, you need to verify the email address you used during registration. Go to your Sporcle Settings to finish the process.

Report this User

Report this user for behavior that violates our Community Guidelines.

Details: